MARC

LEADER 00000nam0a2200000 4500
001 76354
005 20231031091622.0
035 |a (RuTPU)RU\TPU\book\81665 
090 |a 76354 
100 |a 20050418d2005 k y0rusy50 ca 
101 0 |a rus 
102 |a RU 
105 |a a z 101zy 
200 1 |a Вторая Российская конференция по заземляющим устройствам, 22-25 марта 2005 г, Новосибирск  |e сборник докладов  |f Под ред. Ю. В. Целебровского 
210 |a Новосибирск  |c Сибирская энергетическая академия  |d 2005 
215 |a 248 с.  |c ил. 
320 |a Библиогр.: с. 237 
320 |a Сведения об авторах: с. 239-247 
610 1 |a заземляющие устройства 
610 1 |a электроустановки 
610 1 |a заземлители 
610 1 |a нормирование 
610 1 |a устройство 
610 1 |a требования 
610 1 |a заземляющие электроды 
610 1 |a качество 
610 1 |a международные стандарты 
610 1 |a конференции 
610 1 |a Новосибирск 
675 |a 621.316.99(063)  |v 3 
702 1 |a Целебровский  |b Ю. В.  |g Юрий Викторович  |4 340 
712 1 2 |a Российская конференция по заземляющим устройствам  |d 2  |e Новосибирск  |f 2005 
801 1 |a RU  |b 63413507  |c 20050418  |g PSBO 
801 2 |a RU  |b 63413507  |c 20050425  |g PSBO 
942 |c BK